000 00736nam a2200241 4500
003 LK-CoMWRAF
005 20231109091957.0
008 230823b1988 |||||||| |||| 00| 0 eng d
020 _a0863560822
040 _aLK-CoMWRAF
_dLK-CoMWRAF
_eLK-CoMWRAF
082 _a892.78
_bTAR
100 _aTarabishi, George
242 _aUnthá ḍidda al-unūthah
245 _aWoman against her sex:
_ba critique of Nawal el-Saadawi
260 _aLondon:
_bSaqi,
_c1988
300 _a232p. ; 22cm.
650 _a Saʿdāwī, Nawāl -- Criticism and interpretation
650 _aArabic literature- Egyptian writers
650 _aSexism in Literature
700 _aBasil Hatim
_etrans.
700 _a Elisabeth Orsini.
_etrans.
942 _cBK
999 _c3252
_d3252